| Поле | Инд. | ПП | Название | Значение |
|---|---|---|---|---|
| Тип записи | a | |||
| Библиографический уровень | b | |||
| 001 | Контрольный номер | RU/IS/BASE/109432606 | ||
| 005 | Дата корректировки | 20200610181717.9 | ||
| 084 | a | Индекс другой классификации/Индекс ББК | 72в1* | |
| 100 | 1_ | a | Автор | Щеулин А. С. |
| q | Полное имя | Щеулин Александр Сергеевич | ||
| 245 | a | Заглавие | Россия и ученые-соотечественники. О стратегии взаимодействия | |
| 650 | a | Основная рубрика | наука | |
| 653 | a | Ключевые слова | взаимообогащение культур | |
| a | Ключевые слова | внутренняя научная миграция | ||
| a | Ключевые слова | воспроизводство культуры | ||
| a | Ключевые слова | воспроизводство специалистов | ||
| a | Ключевые слова | Дубна | ||
| a | Ключевые слова | интеллектуальная эмиграция | ||
| a | Ключевые слова | интеллектуальный потенциал | ||
| a | Ключевые слова | международное научное сотрудничество | ||
| a | Ключевые слова | наукограды | ||
| a | Ключевые слова | научное сотрудничество | ||
| a | Ключевые слова | национальные научные традиции | ||
| a | Ключевые слова | реструктуризация | ||
| a | Ключевые слова | Россия | ||
| a | Ключевые слова | устойчивое развитие | ||
| a | Ключевые слова | "утечка умов" | ||
| a | Ключевые слова | финансирование науки | ||
| a | Ключевые слова | фундаментальная наука | ||
| 700 | a | Автор | Александрович И. М. | |
| q | Полное имя | Александрович Ирина Михайловна | ||
| 773 | t | Заглавие источника | Устойчивое развитие. Наука и практика | |
| d | Дата издания источника | 2003 | ||
| g | Прочая информация | № 1. - С. 53 - 58 | ||
| w | Контрольный № источника | RU/IS/BASE/109089749 | ||
| 901 | t | Тип документа | b |